000 00482 a2200205 4500
260 _aParis
100 _aLEGROS, Roger
260 _bEyrolles
245 _aV1 : Physique des semiconducteurs - Technologie - Diodes
650 _a<Semiconducteurs>
440 _aLes semiconducteurs
260 _c1974
300 _bfig. ; 25 cm
130 _lFr.
035 _a3908
500 _aComprend des bibliographies
999 _c13433
_d13433